Normal view
MARC view
Entry Personal Name
001 - CONTROL NUMBER
- control field: 164436
003 - CONTROL NUMBER IDENTIFIER
- control field: OSt
005 - DATE AND TIME OF LATEST TRANSACTION
- control field: 20220923220638.0
008 - FIXED-LENGTH DATA ELEMENTS
- fixed length control field: 220923|| aca||aabn | a|a d
040 ## - CATALOGING SOURCE
- Original cataloging agency: OSt
- Transcribing agency: OSt
100 ## - HEADING--PERSONAL NAME
- Personal name: गोपी कृष्ण गोपेश, अनु
670 ## - SOURCE DATA FOUND
- Source citation: Work cat.: (OSt)341389: गोपी कृष्ण गोपेश, अनु., सोवियत संध का सक्षिप्त इतिहास, अनु यशवन्त, 1965
